| 000 | 00799nam a22002057a 4500 | ||
|---|---|---|---|
| 005 | 2011101306166.0 | ||
| 008 | 111013t xxu||||| |||| 00| 0 eng d | ||
| 010 | _aENG-103967 | ||
| 020 | _c45.00 | ||
| 035 | _aEN-87500 | ||
| 037 | _bDBAD/PUB | ||
| 040 |
_aDPL _bEng |
||
| 082 | _a342.04120954 | ||
| 245 |
_aThe foreigners act,1946 (31 of 1946) along with short notes _heng |
||
| 260 |
_aDelhi _bUniversal Law Publishing _c2011 |
||
| 270 |
_aC-FF-1A, Dilkhush Industrial Estate, (Opp. Hans Cinema, Azadpur) G.T. Karnal Road, _bDelhi _e110033 |
||
| 300 |
_aiii,48,6p. _c24cm (pbk) |
||
| 942 |
_2ddc _cEN _h342.04120954 _mRES |
||
| 999 |
_c57586 _d57586 |
||